Veterinary medicine / (Record no. 1503)
[ view plain ]
| 000 -LEADER | |
|---|---|
| fixed length control field | 00479cam a2200193ua 4500 |
| 020 ## - INTERNATIONAL STANDARD BOOK NUMBER | |
| ISBN | 0702007226 |
| 041 ## - LANGUAGE CODE | |
| Language code of text/sound track or separate title | eng |
| 082 ## - DEWEY DECIMAL CLASSIFICATION NUMBER | |
| Classification number | 636.089 |
| Item number | BLO/VE |
| 100 ## - MAIN ENTRY--AUTHOR NAME | |
| Personal name | Blood, D.C . |
| 245 ## - TITLE STATEMENT | |
| Title | Veterinary medicine / |
| 250 ## - EDITION STATEMENT | |
| Edition statement | 5 / |
| 260 ## - PUBLICATION, DISTRIBUTION, ETC. (IMPRINT) | |
| Place of publication | : |
| Name of publisher | The English Language book society , |
| Year of publication | 1979. |
| 300 ## - PHYSICAL DESCRIPTION | |
| Number of Pages | 1135 ; . |
| 700 1# - ADDED ENTRY--PERSONAL NAME | |
| Personal name | Henderson, J.A . |
| 700 1# - ADDED ENTRY--PERSONAL NAME | |
| Personal name | Radostits, O.M . |
| 942 ## - ADDED ENTRY ELEMENTS (KOHA) | |
| Koha item type | Books |
| Withdrawn status | Lost status | Damaged status | Home library | Current library | Date acquired | Full call number | Accession Number | Koha item type |
|---|---|---|---|---|---|---|---|---|
| KAUAET | KAUAET | 07/04/2012 | 636.089 | 14061 | Books |
